|
|
|
|
| LEADER |
00000nam a22000007a 4500 |
| 005 |
20180710234115.0 |
| 007 |
cr|||| |||| |
| 008 |
180710s2018 br |||||s|||| 00||0 por d |
| 020 |
|
|
|a 978-85-361-9546-9
|
| 035 |
|
|
|a 21773
|
| 040 |
|
|
|a vLex
|
| 090 |
|
|
|c 8013
|d 8013
|
| 100 |
1 |
|
|a Mascaro Nascimento, Amauri
|
| 245 |
1 |
0 |
|a Iniciaȯ̂ ao Direito do Trabalho 2018
|h [Recurso electrn̤ico] /
|c Amauri Mascaro Nascimento, Sonia Mascaro Nascimento
|
| 256 |
|
|
|a Servicio en ln̕ea
|
| 260 |
|
|
|a San Pablo:
|b LTR,
|c 2018
|
| 300 |
|
|
|a 1 recurso electrn̤ico
|
| 500 |
|
|
|a O prof. Amauri Mascaro Nascimento se destacou no mundo jurd̕ico como um dos grandes nomes da doutrina do Direito do Trabalho. Sua obra ‘‘Iniciaȯ̂ ao Direito do Trabalho’’ se tornou refern̊cia nos cursos de graduaȯ̂ de todo o pas̕, seja pela sua riqueza de conted︢o, seja pela forma clara e didt̀ica como as ideias sô expostas. Nesta ediȯ̂, essa cls̀sica obra mantm̌ suas caracters̕ticas originais e, ainda, conta com a atualizaȯ̂ de seu conted︢o pela Desembargadora do TRT da 2® Regiô, Sn̥ia Mascaro Nascimento.
|
| 506 |
1 |
|
|a Disponible solo en los productos indicados
|d vLex Global
|d vLex Global (Academic Edition, excluding Law Schools)
|d vLex Global (U.S. Academic Edition, Law Schools)
|d vLex Global (U.S. Academic Edition, excluding Law Schools)
|d vLex Global (Academic Edition, Law Schools)
|
| 650 |
0 |
4 |
|a Derecho Laboral y Seguridad Social
|z Brasil
|
| 700 |
1 |
|
|a Mascaro Nascimento, Sonia
|
| 740 |
0 |
|
|a vLex Libros (Servicio en ln̕ea)
|
| 856 |
4 |
0 |
|u http://vlex.com/source/inicia-o-ao-direito-do-trabalho-2018-21773
|z Acceso restringido
|
| 942 |
|
|
|c BOOK
|
| 999 |
0 |
|
|a Labor law and social security
|